What about...the human body?

Bibliographic Details
Main Author: Williams, Brian
Format: Book
Published: Miles kelly publishing Ltd , 2005
Subjects:

MARC

LEADER 00000cam a2200000 7i4500
001 0000034663
005 20151222.0
008 121005
020 |a 1842367902 
090 0 0 |a JF   |b Q ENG 
100 0 |a Williams, Brian 
245 1 0 |a What about...the human body?   |c Brian Williams 
260 |b Miles kelly publishing Ltd ,   |c 2005 
500 |a Children ages 7-9 years old (orange) 
650 0 |a Sciences   |x juvenile literature 
999 |a 0001158390   |b Book   |c Children Collection   |e Perbadanan Perpustakaan Awam Johor